| 000 | 00995cam a2200277 a 4500 | ||
|---|---|---|---|
| 005 | 20260322212026.0 | ||
| 008 | data | ||
| 010 | _a 98037205 | ||
| 020 | _a0471317519 (pbk. : alk. paper) | ||
| 020 | _a9780471317517 (pbk. : alk. paper) | ||
| 040 |
_aDLC _cDLC _dDLC |
||
| 050 | 0 | 0 |
_aQA39.2 _b.S56 1999 |
| 082 | 0 | 0 |
_a510 _221 |
| 092 | _a510.21 S56 1999 | ||
| 100 | 1 | _aSlavin, Stephen L. | |
| 245 | 1 | 0 |
_aAll the math you'll ever need : _ba self-teaching guide / _cStephen L. Slavin. |
| 250 | _aRev. ed. | ||
| 260 |
_aNew York : _bWiley, _cc1999. |
||
| 300 |
_ax, 230 p. : _bill. ; _c24 cm. |
||
| 504 | _aIncludes bibliographical references (p. 227) and index. | ||
| 650 | 0 | _aMathematics. | |
| 856 | 4 | 2 |
_3Contributor biographical information _uhttp://www.loc.gov/catdir/bios/wiley042/98037205.html |
| 856 | 4 | 2 |
_3Publisher description _uhttp://www.loc.gov/catdir/description/wiley033/98037205.html |
| 856 | 4 |
_3Table of Contents _uhttp://www.loc.gov/catdir/toc/onix04/98037205.html |
|
| 001 | data | ||
| 999 |
_c602 _d602 |
||